[Event "16PCR_F"]
[Site "?"]
[Date "2006.??.??"]
[Round "?"]
[White "Kasik, Miroslav"]
[Black "Mateka, Petr"]
[Result "0-1"]
[WhiteElo "2025"]
[BlackElo "2229"]
[PlyCount "108"]
[EventDate "2006.??.??"]
[EventType "corr"]
[SourceDate "2007.01.09"]

1. e4 e5 2. Nf3 Nc6 3. Bb5 a6 4. Ba4 Nf6 5. d4 exd4 6. O-O Be7 7. Re1 b5 8. Bb3
d6 9. Bd5 Nxd5 10. exd5 Ne5 11. Nxd4 O-O 12. a4 Bg4 13. Qd2 Bd7 14. Nc3 b4 15.
Ne4 Qb8 16. c4 Nxc4 17. Qc2 Ne5 18. Bg5 f6 19. Bf4 b3 20. Nxb3 Qb7 21. Bxe5
fxe5 22. Qc4 Rf7 23. Na5 Qb6 24. Nc6 Bxc6 25. dxc6 Qxb2 26. Rab1 Qd4 27. Qxd4
exd4 28. Nd2 d3 29. Nf3 Bd8 30. Re8+ Rf8 31. Rxf8+ Kxf8 32. Rb3 Ke7 33. Rxd3
Rb8 34. Kf1 Ke6 35. g3 Rb1+ 36. Ke2 Rb2+ 37. Ke3 Bf6 38. g4 Ra2 39. g5 Bb2 40.
Nd4+ Kd5 41. Nb3+ Kc4 42. Nd2+ Kc5 43. Nb3+ Kb4 44. Nd4 Kc4 45. Ne2 Kc5 46. Rd2
Ra3+ 47. Ke4 Rxa4+ 48. Kf5 Rb4 49. Rc2+ Kb6 50. Ke6 a5 51. Kd7 g6 52. Nf4 Rxf4
53. Rxb2+ Rb4 54. Rd2 a4 0-1

[Event "16PCR_F"]
[Site "?"]
[Date "2006.??.??"]
[Round "?"]
[White "Slavik, Miroslav"]
[Black "Brichacek, Milan"]
[Result "1/2-1/2"]
[WhiteElo "2198"]
[BlackElo "2194"]
[PlyCount "66"]
[EventDate "2006.??.??"]
[EventType "corr"]
[SourceDate "2007.01.09"]

1. c4 e5 2. Nc3 Nf6 3. Nf3 Nc6 4. d4 e4 5. Nd2 Bb4 6. e3 Bxc3 7. bxc3 O-O 8. g4
d6 9. g5 Ne8 10. Nxe4 f5 11. gxf6 Nxf6 12. Ng3 Qe7 13. f3 Na5 14. Bd3 Bd7 15.
Qe2 Rae8 16. h4 c5 17. Bd2 Qf7 18. h5 Nc6 19. Rh4 d5 20. cxd5 Nxd5 21. Ne4 cxd4
22. cxd4 Qe7 23. Rh2 Ncb4 24. Bb1 Ba4 25. Qc4 Rxf3 26. Bxb4 Rxe3+ 27. Kd2 Qe6
28. Ng5 Rd3+ 29. Kc1 Rc8 30. Bc5 Rxc5 31. Qxc5 Qe3+ 32. Kb2 Rb3+ 33. axb3 Qxb3+
1/2-1/2

[Event "16PCR_F"]
[Site "?"]
[Date "2006.??.??"]
[Round "?"]
[White "Glaser, Karel"]
[Black "Sindelar, Frantisek"]
[Result "1-0"]
[WhiteElo "2159"]
[BlackElo "2094"]
[PlyCount "55"]
[EventDate "2006.??.??"]
[EventType "corr"]
[SourceDate "2007.01.09"]

1. e4 e6 2. d4 d5 3. Nc3 dxe4 4. Nxe4 Nd7 5. Bd3 c5 6. Nf3 Ngf6 7. Nxf6+ Nxf6
8. dxc5 Bxc5 9. Qe2 Qc7 10. O-O O-O 11. Bg5 Nd5 12. Qe4 f5 13. Qe2 h6 14. Bd2
a6 15. Rad1 Rd8 16. c4 Nb4 17. Bb1 Nc6 18. Bc3 Bd6 19. Rfe1 Kh7 20. a3 b6 21.
Bc2 Bd7 22. g4 Ne7 23. Rd2 Ng6 24. gxf5 exf5 25. Qd1 Bf4 26. Rd5 b5 27. Qd4 Be6
28. Bxf5 1-0

[Event "16PCR_F"]
[Site "?"]
[Date "2006.??.??"]
[Round "?"]
[White "Cvak, Rudolf"]
[Black "Kudr, Roman"]
[Result "1/2-1/2"]
[WhiteElo "2204"]
[BlackElo "2177"]
[PlyCount "61"]
[EventDate "2006.??.??"]
[EventType "corr"]
[SourceDate "2007.01.09"]

1. e4 e5 2. Nf3 Nc6 3. Bb5 a6 4. Ba4 d6 5. d4 b5 6. Bb3 Nxd4 7. Nxd4 exd4 8.
Bd5 Rb8 9. Qxd4 Bd7 10. a3 Nf6 11. O-O Be7 12. Nc3 O-O 13. Bf4 a5 14. Bb3 b4
15. axb4 axb4 16. Ne2 Nh5 17. Bc1 c5 18. Qd3 Bb5 19. Qf3 Nf6 20. Bf4 Ra8 21. c4
bxc3 22. bxc3 Qd7 23. Rfd1 Rxa1 24. Rxa1 Re8 25. Ng3 Bc6 26. Bd5 Bxd5 27. exd5
Qb5 28. h4 Bf8 29. Bg5 Nd7 30. Bf4 Nf6 31. Bg5 1/2-1/2

[Event "16PCR_F"]
[Site "?"]
[Date "2006.??.??"]
[Round "?"]
[White "Glaser, Karel"]
[Black "Kudr, Roman"]
[Result "1/2-1/2"]
[WhiteElo "2159"]
[BlackElo "2177"]
[PlyCount "65"]
[EventDate "2006.??.??"]
[EventType "corr"]
[SourceDate "2007.01.09"]

1. e4 c6 2. d4 d5 3. Nc3 dxe4 4. Nxe4 Nd7 5. Nf3 Ngf6 6. Nxf6+ Nxf6 7. Ne5 Nd7
8. Nf3 Nf6 9. Be2 g6 10. O-O Bg7 11. c3 O-O 12. Re1 Bg4 13. Bf4 Rc8 14. Qb3 Qb6
15. h3 Bxf3 16. Bxf3 e6 17. Qxb6 axb6 18. a4 Rfd8 19. a5 bxa5 20. Rxa5 Ra8 21.
Rea1 Rxa5 22. Rxa5 h5 23. Ra7 Rd7 24. Be2 Kf8 25. g4 Nd5 26. Bg3 hxg4 27. hxg4
Ke7 28. g5 f6 29. gxf6+ Bxf6 30. Kg2 Bg5 31. Kf3 Bc1 32. Ra3 g5 33. Bc4 1/2-1/2

[Event "16PCR_F"]
[Site "?"]
[Date "2006.??.??"]
[Round "?"]
[White "Kasik, Miroslav"]
[Black "Kudr, Roman"]
[Result "1/2-1/2"]
[WhiteElo "2025"]
[BlackElo "2177"]
[PlyCount "56"]
[EventDate "2006.??.??"]
[EventType "corr"]
[SourceDate "2007.01.09"]

1. e4 c6 2. d4 d5 3. Nc3 dxe4 4. Nxe4 Nd7 5. Nf3 Ngf6 6. Ned2 e6 7. Bd3 Be7 8.
O-O O-O 9. Qe2 c5 10. Nb3 Qc7 11. dxc5 Rd8 12. Bg5 h6 13. Bh4 Nxc5 14. Nxc5
Qxc5 15. Rad1 b6 16. Bxf6 Bxf6 17. Bh7+ Kf8 18. Rxd8+ Bxd8 19. Be4 Rb8 20. c3
Bd7 21. Rd1 Be8 22. Bc2 Bf6 23. a3 Rd8 24. Rxd8 Bxd8 25. h3 Bc7 26. Be4 a5 27.
Nd4 Be5 28. Nf3 Bc7 1/2-1/2

[Event "16PCR_F"]
[Site "?"]
[Date "2006.??.??"]
[Round "?"]
[White "Tyrlik, Jaroslav"]
[Black "Glaser, Karel"]
[Result "1/2-1/2"]
[WhiteElo "2076"]
[BlackElo "2159"]
[PlyCount "104"]
[EventDate "2006.??.??"]
[EventType "corr"]
[SourceDate "2007.01.09"]

1. d4 Nf6 2. Nf3 e6 3. Bg5 d5 4. Nbd2 Be7 5. e3 Nbd7 6. Bd3 c5 7. O-O c4 8. Be2
O-O 9. c3 b5 10. Qc2 h6 11. Bh4 Bb7 12. b3 Bc6 13. Rfb1 Bd6 14. bxc4 bxc4 15.
Bg3 Ba3 16. Ne5 Nxe5 17. Bxe5 Nd7 18. Bg3 Qa5 19. Bd1 Rac8 20. Nb3 Qd8 21. Nc1
Nf6 22. Bf4 Qe7 23. h3 Kh8 24. Ne2 Ne4 25. Bh2 Qf6 26. f3 Nd6 27. Qd2 Qe7 28.
Bc2 Rb8 29. Bd1 a6 30. Bg3 Rfd8 31. Bh2 h5 32. Qc2 h4 33. Qd2 Re8 34. Kf2 Rg8
35. Kg1 g5 36. Qc2 Kg7 37. Qd2 a5 38. Qc2 Rgf8 39. f4 Nf5 40. Qd2 Bd6 41. Bc2
f6 42. fxg5 Bxh2+ 43. Kxh2 fxg5 44. Kg1 Rxb1+ 45. Rxb1 Nd6 46. Rb6 Qc7 47. Rb2
Qf7 48. Qe1 Nf5 49. Qf2 Qa7 50. Bxf5 Rxf5 51. Qe1 e5 52. Rb1 e4 1/2-1/2

[Event "16PCR_F"]
[Site "?"]
[Date "2006.??.??"]
[Round "?"]
[White "Tyrlik, Jaroslav"]
[Black "Cvak, Rudolf"]
[Result "1/2-1/2"]
[WhiteElo "2076"]
[BlackElo "2204"]
[PlyCount "64"]
[EventDate "2006.??.??"]
[EventType "corr"]
[SourceDate "2007.01.09"]

1. d4 Nf6 2. Nf3 g6 3. c4 Bg7 4. Nc3 O-O 5. e4 d6 6. Be2 e5 7. dxe5 dxe5 8.
Qxd8 Rxd8 9. Bg5 Re8 10. Nd5 Nxd5 11. cxd5 c6 12. Bc4 cxd5 13. Bxd5 Na6 14. Rc1
Nb4 15. Bc4 Be6 16. Bxe6 Rxe6 17. Rc7 Rb6 18. Be3 Rb5 19. a3 Nc6 20. Bc1 f5 21.
O-O a5 22. Rd1 Nd4 23. Nxd4 exd4 24. exf5 gxf5 25. Kf1 Re8 26. Rd3 Be5 27. Rc4
Rd5 28. b3 Kf7 29. Bd2 Re6 30. Rh3 h6 31. Rxh6 Rxh6 32. Bxh6 f4 1/2-1/2

[Event "16PCR_F"]
[Site "?"]
[Date "2006.??.??"]
[Round "?"]
[White "Kasik, Miroslav"]
[Black "Trs, Jan"]
[Result "1/2-1/2"]
[WhiteElo "2025"]
[BlackElo "2252"]
[PlyCount "47"]
[EventDate "2006.??.??"]
[EventType "corr"]
[SourceDate "2007.01.09"]

1. e4 c6 2. d4 d5 3. Nc3 dxe4 4. Nxe4 Nd7 5. Nf3 Ngf6 6. Ned2 g6 7. c3 Bg7 8.
Bd3 O-O 9. O-O c5 10. Qe2 cxd4 11. Nxd4 e5 12. N4b3 Qc7 13. Re1 Nd5 14. Ne4 h6
15. c4 Nb4 16. Bb1 f6 17. Be3 f5 18. Nc3 Qb8 19. f3 b6 20. c5 Ba6 21. Qd2 Nxc5
22. Nxc5 bxc5 23. Bxh6 c4 24. Bxg7 1/2-1/2

[Event "16PCR_F"]
[Site "?"]
[Date "2006.??.??"]
[Round "?"]
[White "Tyrlik, Jaroslav"]
[Black "Kasik, Miroslav"]
[Result "0-1"]
[WhiteElo "2076"]
[BlackElo "2025"]
[PlyCount "110"]
[EventDate "2006.??.??"]
[EventType "corr"]
[SourceDate "2007.01.09"]

1. d4 Nf6 2. Nf3 d5 3. e3 e6 4. c4 Be7 5. cxd5 exd5 6. Bd3 O-O 7. O-O c6 8. Qc2
Re8 9. Nbd2 Bd6 10. Re1 Bg4 11. e4 dxe4 12. Nxe4 Nxe4 13. Rxe4 Bxf3 14. gxf3 h6
15. Qb3 Re7 16. Bd2 Qb6 17. Qxb6 axb6 18. Rae1 Rxe4 19. fxe4 Rxa2 20. Bc3 b5
21. Bc2 Ra8 22. Rd1 Na6 23. d5 Bf4 24. Ra1 f6 25. h4 Kf7 26. h5 Be5 27. dxc6
bxc6 28. Bb3+ Ke7 29. Bxe5 fxe5 30. Kg2 Kd6 31. Kg3 Kc5 32. f4 Kd6 33. Rd1+ Ke7
34. Ra1 exf4+ 35. Kxf4 Rf8+ 36. Ke3 Nc5 37. Ra7+ Kd6 38. Bf7 Nd7 39. Bg6 Ne5
40. Bf5 Rf7 41. Ra8 Kc5 42. b3 Re7 43. Rc8 Kb4 44. Kd4 c5+ 45. Kd5 Nd3 46. Kc6
Re5 47. Rd8 Kc3 48. Rd5 Nb4+ 49. Kd6 Rxd5+ 50. exd5 Kd4 51. Ke6 Nxd5 52. Kf7
Nf4 53. Bd7 b4 54. Kxg7 Kc3 55. Ba4 Nxh5+ 0-1

[Event "16PCR_F"]
[Site "?"]
[Date "2006.??.??"]
[Round "?"]
[White "Nudcenko, Karel"]
[Black "Mateka, Petr"]
[Result "1/2-1/2"]
[WhiteElo "2248"]
[BlackElo "2229"]
[PlyCount "61"]
[EventDate "2006.??.??"]
[EventType "corr"]
[SourceDate "2007.01.09"]

1. e4 e5 2. Nf3 Nc6 3. Bb5 a6 4. Bxc6 dxc6 5. O-O f6 6. d4 Bg4 7. c3 Bd6 8.
dxe5 fxe5 9. h3 Bh5 10. Be3 Nf6 11. Nbd2 Qd7 12. c4 Qe6 13. c5 Be7 14. Ng5 Qg8
15. Qa4 O-O-O 16. Rfc1 h6 17. Ngf3 Nd7 18. b4 g5 19. b5 cxb5 20. Qa5 c6 21. a4
Bxf3 22. Nxf3 g4 23. hxg4 Qxg4 24. axb5 Rhg8 25. Ne1 axb5 26. Qb4 Nb6 27. Qb3
Na4 28. Rcb1 Rd7 29. Rxa4 bxa4 30. Qxa4 Rc7 31. Rd1 1/2-1/2

[Event "16PCR_F"]
[Site "?"]
[Date "2006.??.??"]
[Round "?"]
[White "Kasik, Miroslav"]
[Black "Portych, Vaclav"]
[Result "1/2-1/2"]
[WhiteElo "2025"]
[BlackElo "2112"]
[PlyCount "77"]
[EventDate "2006.??.??"]
[EventType "corr"]
[SourceDate "2007.01.09"]

1. e4 c5 2. Nc3 Nc6 3. g3 g6 4. Bg2 Bg7 5. f4 d6 6. d3 e6 7. Nf3 Nge7 8. O-O
O-O 9. Be3 Nd4 10. e5 Nef5 11. Bf2 Nxf3+ 12. Qxf3 Rb8 13. Ne4 b6 14. g4 Bb7 15.
Qd1 Ne7 16. Nxd6 Bxg2 17. Kxg2 g5 18. Bg3 gxf4 19. Bxf4 Ng6 20. Qe2 f6 21. Bg3
fxe5 22. Rxf8+ Qxf8 23. Nc4 Qf4 24. Re1 Qg5 25. Kh1 Rf8 26. Qe4 h5 27. gxh5
Qxh5 28. a3 Rf7 29. b4 Nf4 30. bxc5 bxc5 31. a4 a6 32. a5 Rf5 33. Bxf4 Rxf4 34.
Qe3 Qf7 35. Nd6 Rf1+ 36. Kg2 Rxe1 37. Qxe1 Qf4 38. Ne4 Qg4+ 39. Kf1 1/2-1/2

[Event "16PCR_F"]
[Site "?"]
[Date "2006.??.??"]
[Round "?"]
[White "Trs, Jan"]
[Black "Cvak, Rudolf"]
[Result "1/2-1/2"]
[WhiteElo "2252"]
[BlackElo "2204"]
[PlyCount "56"]
[EventDate "2006.??.??"]
[EventType "corr"]
[SourceDate "2007.01.09"]

1. c4 e5 2. Nc3 Nf6 3. Nf3 Nc6 4. g3 Bc5 5. Bg2 O-O 6. Nxe5 Bxf2+ 7. Kxf2 Nxe5
8. b3 d5 9. cxd5 c6 10. Rf1 Nxd5 11. Nxd5 cxd5 12. d4 Nc6 13. Kg1 Be6 14. e3
Qd7 15. Ba3 Rfe8 16. Qf3 Rac8 17. Qf4 a5 18. Rad1 Nb4 19. Rd2 Rcd8 20. e4 dxe4
21. Bxb4 axb4 22. Bxe4 f6 23. d5 Bh3 24. Rfd1 g5 25. Qxf6 Rxe4 26. Qxg5+ Kh8
27. Qf6+ Kg8 28. Qg5+ Kh8 1/2-1/2

[Event "16PCR_F"]
[Site "?"]
[Date "2006.??.??"]
[Round "?"]
[White "Houdek, Vladimir"]
[Black "Sindelar, Frantisek"]
[Result "1-0"]
[WhiteElo "2147"]
[BlackElo "2094"]
[PlyCount "61"]
[EventDate "2006.??.??"]
[EventType "corr"]
[SourceDate "2007.01.09"]

1. e4 e6 2. d4 d5 3. e5 c5 4. c3 Nc6 5. Nf3 Nge7 6. Bd3 Nf5 7. dxc5 Nh4 8. Nxh4
Qxh4 9. Qe2 Bxc5 10. Nd2 f6 11. Nf3 Qh5 12. exf6 gxf6 13. Be3 Bd6 14. O-O-O Bd7
15. h3 Qf7 16. Nd4 Nxd4 17. Bxd4 O-O 18. Kb1 e5 19. Be3 Be6 20. Ka1 a5 21. Rhf1
f5 22. f4 e4 23. Bc2 b5 24. g4 Be7 25. Rg1 fxg4 26. hxg4 Rad8 27. f5 Bc8 28.
Bb3 Rfe8 29. Rh1 b4 30. cxb4 Bxb4 31. Rh5 1-0

[Event "16PCR_F"]
[Site "?"]
[Date "2006.??.??"]
[Round "?"]
[White "Mateka, Petr"]
[Black "Tyrlik, Jaroslav"]
[Result "1-0"]
[WhiteElo "2229"]
[BlackElo "2076"]
[PlyCount "93"]
[EventDate "2006.??.??"]
[EventType "corr"]
[SourceDate "2007.01.09"]

1. e4 e5 2. Nf3 Nc6 3. Bb5 a6 4. Ba4 Nf6 5. O-O Nxe4 6. d4 b5 7. Bb3 d5 8. dxe5
Be6 9. Nbd2 Nc5 10. c3 Nxb3 11. Nxb3 Be7 12. Nfd4 Qd7 13. Nxe6 Qxe6 14. f4 O-O
15. Be3 f6 16. Nc5 Bxc5 17. Bxc5 Rf7 18. exf6 Rxf6 19. Qd2 Rd8 20. Rae1 Qf5 21.
Qd1 a5 22. Qe2 b4 23. g4 Qg6 24. f5 Qf7 25. Qf3 Qd7 26. g5 Rf7 27. f6 d4 28.
cxd4 Nxd4 29. Qe4 Nb5 30. Rf4 c6 31. Be7 Re8 32. Rh4 gxf6 33. gxf6 Kh8 34. Rg4
Nd6 35. Qd4 c5 36. Qd1 Qf5 37. h3 Nb5 38. Qb3 Nd6 39. Re3 Rexe7 40. Rxe7 Qxf6
41. Qxf7 Qxf7 42. Rxf7 Nxf7 43. Rc4 Ng5 44. Rxc5 Nxh3+ 45. Kh2 Nf4 46. Rxa5 Kg7
47. Rb5 1-0

[Event "16PCR_F"]
[Site "?"]
[Date "2006.??.??"]
[Round "?"]
[White "Houdek, Vladimir"]
[Black "Cvak, Rudolf"]
[Result "1/2-1/2"]
[WhiteElo "2147"]
[BlackElo "2204"]
[PlyCount "91"]
[EventDate "2006.??.??"]
[EventType "corr"]
[SourceDate "2007.01.09"]

1. e4 e5 2. Nc3 Nf6 3. Bc4 Nxe4 4. Qh5 Nd6 5. Qxe5+ Qe7 6. Qxe7+ Bxe7 7. Bb3
Nf5 8. Nd5 Bd8 9. Nf3 c6 10. Ne3 Nxe3 11. dxe3 d5 12. c4 dxc4 13. Bxc4 Bf6 14.
e4 Nd7 15. O-O O-O 16. Re1 Re8 17. h3 b5 18. Bf1 Bb7 19. Rb1 a6 20. Bf4 c5 21.
e5 g5 22. Bxg5 Bxg5 23. Nxg5 Rxe5 24. Rxe5 Nxe5 25. Re1 Re8 26. f4 h6 27. Rxe5
Rxe5 28. fxe5 hxg5 29. g3 Kf8 30. Bg2 Bc8 31. h4 Kg7 32. Kf2 Kg6 33. Be4+ Kh5
34. Bf3+ Bg4 35. Bd5 Be6 36. Bf3+ Kg6 37. Be4+ f5 38. Bb7 a5 39. a3 b4 40. Bf3
c4 41. axb4 axb4 42. Ke2 g4 43. Bc6 Kh5 44. Be8+ Kh6 45. Bc6 b3 46. Kd2 1/2-1/2

[Event "16PCR_F"]
[Site "?"]
[Date "2006.??.??"]
[Round "?"]
[White "Kudr, Roman"]
[Black "Houdek, Vladimir"]
[Result "1/2-1/2"]
[WhiteElo "2177"]
[BlackElo "2147"]
[PlyCount "54"]
[EventDate "2006.??.??"]
[EventType "corr"]
[SourceDate "2007.01.09"]

1. Nf3 d5 2. d4 Nf6 3. Bf4 c5 4. e3 Nc6 5. c3 Qb6 6. b3 Bg4 7. Bd3 e6 8. O-O
Rc8 9. h3 Bh5 10. Nbd2 Be7 11. Re1 O-O 12. Qb1 Qa5 13. Qc2 Rfe8 14. a3 cxd4 15.
exd4 a6 16. Bg5 Qb6 17. Rec1 Qc7 18. Bxf6 Bxf6 19. Bxh7+ Kh8 20. g4 Qf4 21. Qd3
Qh6 22. gxh5 Qxh7 23. Qxh7+ Kxh7 24. Nf1 Rc7 25. Ng3 Rec8 26. Ne2 Kh6 27. Kg2
Kxh5 1/2-1/2

[Event "16PCR_F"]
[Site "?"]
[Date "2006.??.??"]
[Round "?"]
[White "Nudcenko, Karel"]
[Black "Sindelar, Frantisek"]
[Result "1/2-1/2"]
[WhiteElo "2245"]
[BlackElo "2094"]
[PlyCount "52"]
[EventDate "2006.??.??"]
[EventType "corr"]
[SourceDate "2007.01.09"]

1. e4 e6 2. d4 d5 3. Nd2 dxe4 4. Nxe4 Nd7 5. Nf3 Ngf6 6. Bd3 c5 7. O-O Nxe4 8.
Bxe4 Nf6 9. Bg5 cxd4 10. Qe2 Be7 11. Rad1 Qb6 12. Nxd4 O-O 13. c3 h6 14. Bxf6
Bxf6 15. Nb5 Be7 16. a4 a6 17. Na3 Bxa3 18. bxa3 Qb3 19. Qd3 Qxa3 20. Qd4 f5
21. Bf3 Qe7 22. Rfe1 a5 23. h3 Kh7 24. Re5 Qf6 25. Qc5 Rd8 26. Ree1 Bd7 1/2-1/2

[Event "16PCR_F"]
[Site "?"]
[Date "2006.??.??"]
[Round "?"]
[White "Kasik, Miroslav"]
[Black "Sindelar, Frantisek"]
[Result "1-0"]
[WhiteElo "2025"]
[BlackElo "2094"]
[PlyCount "69"]
[EventDate "2006.??.??"]
[EventType "corr"]
[SourceDate "2007.01.09"]

1. e4 e6 2. d4 d5 3. Nd2 c5 4. dxc5 Bxc5 5. Nb3 Bb6 6. exd5 Qxd5 7. Qxd5 exd5
8. a4 Nf6 9. a5 Bc7 10. Bb5+ Bd7 11. Bxd7+ Nbxd7 12. Be3 O-O 13. Ne2 Rfe8 14.
O-O-O Be5 15. h3 b6 16. Rhe1 Rac8 17. c3 Bc7 18. a6 Nb8 19. Kc2 Nxa6 20. Ra1
Nb8 21. Rxa7 Nc6 22. Raa1 b5 23. Ned4 Bb6 24. Nxc6 Rxc6 25. Nd4 Bxd4 26. Bxd4
Rce6 27. Re3 Ne4 28. Ra5 Rb8 29. Ba7 Rb7 30. Rd3 Nf6 31. Kb3 Kf8 32. Kb4 Ke7
33. Bd4 Kd6 34. Rxb5 Rxb5+ 35. Kxb5 1-0

[Event "16PCR_F"]
[Site "?"]
[Date "2006.??.??"]
[Round "?"]
[White "Sindelar, Frantisek"]
[Black "Trs, Jan"]
[Result "1/2-1/2"]
[WhiteElo "2094"]
[BlackElo "2252"]
[PlyCount "63"]
[EventDate "2006.??.??"]
[EventType "corr"]
[SourceDate "2007.01.09"]

1. d4 Nf6 2. c4 g6 3. Nc3 d5 4. e3 Bg7 5. Nf3 O-O 6. cxd5 Nxd5 7. Nxd5 Qxd5 8.
Qc2 Nc6 9. Bc4 Qd6 10. Bd2 e5 11. dxe5 Nxe5 12. Nxe5 Bxe5 13. Bc3 Bf5 14. Qb3
Rad8 15. Bxe5 Qxe5 16. Qxb7 Rb8 17. Qxa7 Rb4 18. Rc1 Rxc4 19. Rxc4 Qd5 20. Qd4
Qxg2 21. Rf1 Bh3 22. Qd3 Qxh2 23. Qe4 Bxf1 24. Kxf1 Rd8 25. Rd4 Rb8 26. b3 c5
27. Rd2 c4 28. Qxc4 Qh1+ 29. Ke2 Qh5+ 30. Ke1 Qh1+ 31. Qf1 Qf3 32. Rd1 1/2-1/2

[Event "16PCR_F"]
[Site "?"]
[Date "2006.??.??"]
[Round "?"]
[White "Brichacek, Milan"]
[Black "Nudcenko, Karel"]
[Result "1-0"]
[WhiteElo "2194"]
[BlackElo "2245"]
[PlyCount "95"]
[EventDate "2006.??.??"]
[EventType "corr"]
[SourceDate "2007.01.09"]

1. e4 e6 2. d4 d5 3. Nc3 Bb4 4. e5 c5 5. a3 Bxc3+ 6. bxc3 Qc7 7. Qg4 Ne7 8.
Qxg7 Rg8 9. Qxh7 cxd4 10. Ne2 Nbc6 11. f4 Bd7 12. Qd3 dxc3 13. Rb1 O-O-O 14.
Nxc3 Na5 15. g3 Kb8 16. Nb5 Bxb5 17. Qxb5 Rh8 18. Bd3 Nc4 19. O-O Nf5 20. Rf2
Ka8 21. Bxf5 exf5 22. Qb3 Rh6 23. Qc3 f6 24. Qd4 Qc6 25. a4 Qe6 26. Be3 b6 27.
Bd2 fxe5 28. fxe5 Rg6 29. Bc3 Rg4 30. Rf4 Re8 31. Re1 Na3 32. Ref1 Qc6 33. Qd3
Nxc2 34. Qxc2 d4 35. R4f3 Re4 36. Qd2 dxc3 37. Rxc3 Qe6 38. Rxf5 Rxa4 39. Qd3
Ra1+ 40. Kf2 Kb8 41. g4 Rh1 42. h3 Rh8 43. Qd6+ Qxd6 44. exd6 Rh2+ 45. Kf1 Rd2
46. Rf6 Rd5 47. Rg3 Rg5 48. h4 1-0

[Event "16PCR_F"]
[Site "?"]
[Date "2006.??.??"]
[Round "?"]
[White "Slavik, Miroslav"]
[Black "Trs, Jan"]
[Result "1/2-1/2"]
[WhiteElo "2198"]
[BlackElo "2252"]
[PlyCount "50"]
[EventDate "2006.??.??"]
[EventType "corr"]
[SourceDate "2007.01.09"]

1. d4 Nf6 2. c4 g6 3. Nc3 d5 4. Nf3 Bg7 5. Bf4 O-O 6. e3 c5 7. dxc5 Qa5 8. Rc1
dxc4 9. Qa4 Qxc5 10. Qxc4 Na6 11. Be5 Be6 12. Qa4 Bd7 13. Bb5 Bxb5 14. Qxb5
Qxb5 15. Nxb5 Nb4 16. Ke2 Nxa2 17. Ra1 Nb4 18. Nxa7 Rfd8 19. Nb5 Nc6 20. Bc3
Ne4 21. Bxg7 Kxg7 22. Rxa8 Rxa8 23. Rb1 h6 24. Nc3 Nd6 25. Rd1 b5 1/2-1/2

[Event "16PCR_F"]
[Site "?"]
[Date "2006.??.??"]
[Round "?"]
[White "Houdek, Vladimir"]
[Black "Nudcenko, Karel"]
[Result "1/2-1/2"]
[WhiteElo "2147"]
[BlackElo "2245"]
[PlyCount "61"]
[EventDate "2006.??.??"]
[EventType "corr"]
[SourceDate "2007.01.09"]

1. e4 e6 2. d4 d5 3. e5 c5 4. c3 Nc6 5. Nf3 Qb6 6. a3 Nh6 7. b4 cxd4 8. Bxh6
gxh6 9. cxd4 Bd7 10. Be2 a5 11. b5 Ne7 12. Nc3 a4 13. O-O Nf5 14. Nxa4 Qa5 15.
Nc5 Bxc5 16. dxc5 Bxb5 17. Bxb5+ Qxb5 18. Qc2 O-O 19. Rfb1 Qc6 20. a4 Rfc8 21.
a5 Qxc5 22. Qxc5 Rxc5 23. g4 Ne7 24. Rxb7 Nc6 25. a6 Ra5 26. Rxa5 Nxa5 27. Rb2
Rxa6 28. Ra2 Ra7 29. Nd4 Nc6 30. Rxa7 Nxa7 31. Kg2 1/2-1/2

[Event "16PCR_F"]
[Site "?"]
[Date "2006.??.??"]
[Round "?"]
[White "Cvak, Rudolf"]
[Black "Slavik, Miroslav"]
[Result "1/2-1/2"]
[WhiteElo "2204"]
[BlackElo "2198"]
[PlyCount "97"]
[EventDate "2006.??.??"]
[EventType "corr"]
[SourceDate "2007.01.09"]

1. e4 c6 2. d4 d5 3. e5 Bf5 4. Nc3 e6 5. g4 Bg6 6. Nge2 c5 7. h4 cxd4 8. Nxd4
h5 9. f4 hxg4 10. Bb5+ Nd7 11. f5 Rxh4 12. Rg1 Bxf5 13. Nxf5 Rh5 14. Nxg7+ Bxg7
15. Qxg4 Rh7 16. Bg5 Ne7 17. Bf6 Bxf6 18. exf6 Ng6 19. Nxd5 Qa5+ 20. b4 Qa3 21.
Bxd7+ Kf8 22. Kf2 Rh4 23. Qg3 Qxg3+ 24. Kxg3 exd5 25. Bg4 Rd8 26. Rgf1 Rh6 27.
Rf5 Nh4 28. Rg5 Rd6 29. Rf1 Ng6 30. c3 Kg8 31. a4 Rc6 32. Rf3 Rh1 33. Rxd5 Rg1+
34. Kh3 Rc4 35. Rg5 Kf8 36. a5 b6 37. a6 Re1 38. b5 Rh1+ 39. Kg2 Rd1 40. Kf2
Rd6 41. Kg3 Rd1 42. Kh2 Rd2+ 43. Kg3 Rd1 44. Rf2 Rxc3+ 45. Kh2 Rd4 46. Bh3 Rf4
47. Rxf4 Nxf4 48. Bg4 Rd3 49. Rf5 1/2-1/2

[Event "16PCR_F"]
[Site "?"]
[Date "2006.??.??"]
[Round "?"]
[White "Sindelar, Frantisek"]
[Black "Mateka, Petr"]
[Result "0-1"]
[WhiteElo "2094"]
[BlackElo "2229"]
[PlyCount "64"]
[EventDate "2006.??.??"]
[EventType "corr"]
[SourceDate "2007.01.09"]

1. d4 Nf6 2. c4 e6 3. Nc3 Bb4 4. Nf3 b6 5. Qb3 c5 6. Bg5 Bb7 7. dxc5 Bxc5 8. e3
O-O 9. Be2 Be7 10. Rd1 d6 11. O-O Nbd7 12. Qc2 a6 13. Rd2 Qc7 14. Rfd1 h6 15.
Bh4 Nc5 16. Bxf6 Bxf6 17. Rxd6 Bxc3 18. bxc3 Rab8 19. R6d2 e5 20. Qf5 Rbe8 21.
Rd6 Be4 22. Qg4 Bh7 23. Nh4 Rd8 24. R6d5 Na4 25. Rd7 Rxd7 26. Qxd7 Qxd7 27.
Rxd7 Nxc3 28. Kf1 e4 29. g3 g5 30. Ng2 Bf5 31. Rd6 Bh3 32. Bh5 b5 0-1

[Event "16PCR_F"]
[Site "?"]
[Date "2006.??.??"]
[Round "?"]
[White "Houdek, Vladimir"]
[Black "Brichacek, Milan"]
[Result "1/2-1/2"]
[WhiteElo "2147"]
[BlackElo "2194"]
[PlyCount "78"]
[EventDate "2006.??.??"]
[EventType "corr"]
[SourceDate "2007.01.09"]

1. e4 c5 2. Nf3 d6 3. Bb5+ Bd7 4. Bxd7+ Qxd7 5. O-O Nc6 6. d3 e6 7. Nc3 Be7 8.
Bf4 Nf6 9. e5 dxe5 10. Nxe5 Nxe5 11. Bxe5 O-O 12. Re1 Qc6 13. Ne4 Nd7 14. Bc3
f5 15. Nd2 Bf6 16. Bxf6 Rxf6 17. Re3 Re8 18. Qe2 e5 19. Re1 Rfe6 20. f4 Qa4 21.
Nc4 b5 22. b3 Qxa2 23. Nxe5 Qb2 24. Nc4 Rxe3 25. Nxe3 Nf6 26. Qf3 a5 27. h3 h5
28. Re2 g6 29. g3 h4 30. gxh4 Qd4 31. Kf1 Kh8 32. Ng2 Rxe2 33. Kxe2 a4 34. bxa4
bxa4 35. Qa8+ Kh7 36. Qa7+ Kh6 37. Qe7 a3 38. Ne3 Nd5 39. Nxd5 Qxd5 1/2-1/2

[Event "16PCR_F"]
[Site "?"]
[Date "2006.??.??"]
[Round "?"]
[White "Portych, Vaclav"]
[Black "Slavik, Miroslav"]
[Result "1/2-1/2"]
[WhiteElo "2112"]
[BlackElo "2198"]
[PlyCount "68"]
[EventDate "2006.??.??"]
[EventType "corr"]
[SourceDate "2007.01.09"]

1. c4 e5 2. Nc3 Nf6 3. Nf3 Nc6 4. g3 d5 5. cxd5 Nxd5 6. Bg2 Be6 7. O-O Nb6 8.
d3 Be7 9. a3 O-O 10. b4 Nd4 11. Bb2 Nxf3+ 12. Bxf3 c6 13. Ne4 Nd7 14. Qc2 f5
15. Nd2 f4 16. Nc4 Qc7 17. Rac1 Rae8 18. g4 a6 19. Rfd1 Kh8 20. Nd2 Rd8 21. h3
Rfe8 22. Bg2 Bf7 23. Ne4 Nb6 24. d4 exd4 25. Rxd4 Bh4 26. Rcd1 Bd5 27. Ng5 Bg8
28. Rxd8 Rxd8 29. Nf3 Rxd1+ 30. Qxd1 Qd8 31. Qa1 Bf6 32. Bxf6 Qxf6 33. Qxf6
gxf6 34. Nd4 Nc4 1/2-1/2

[Event "16PCR_F"]
[Site "?"]
[Date "2006.??.??"]
[Round "?"]
[White "Cvak, Rudolf"]
[Black "Nudcenko, Karel"]
[Result "1/2-1/2"]
[WhiteElo "2204"]
[BlackElo "2245"]
[PlyCount "83"]
[EventDate "2006.??.??"]
[EventType "corr"]
[SourceDate "2007.01.09"]

1. e4 e6 2. d4 d5 3. Nc3 Bb4 4. e5 c5 5. a3 Bxc3+ 6. bxc3 Ne7 7. Qg4 Qc7 8.
Qxg7 Rg8 9. Qxh7 cxd4 10. Ne2 Nbc6 11. f4 Bd7 12. Qd3 dxc3 13. Nxc3 a6 14. Ne2
Nf5 15. h3 Na5 16. a4 Nc4 17. g4 Qa5+ 18. c3 Ne7 19. Qc2 Qc7 20. g5 Nf5 21. h4
Rh8 22. h5 Nce3 23. Bxe3 Nxe3 24. Qd3 Nxf1 25. h6 O-O-O 26. Nc1 d4 27. Rxf1
dxc3 28. Ne2 Bb5 29. Qxc3 Qxc3+ 30. Nxc3 Bxf1 31. Kxf1 Rd4 32. Ne2 Rb4 33. Kf2
Kd7 34. Kf3 Rc8 35. Ng3 Ke7 36. Kg4 Rb2 37. Ne4 Rcc2 38. a5 Rg2+ 39. Kf3 Rh2
40. Rg1 Kf8 41. Kg3 Rhe2 42. Kf3 1/2-1/2